Cover Song vs Original Song Quiz! #2 - Statistics

General Stats
  • This quiz has been taken 29 times
  • The average score is 12 of 40
Answer Stats
Answer Song Cover Year Original Year % Correct
Elvis Presley Suspicious Minds 1969
92%
The Monkees or Smash Mouth I'm A Believer 1967/2001
92%
Johnny Cash Ring of Fire 1963
88%
Blondie Tide Is High 1980
83%
Bette Midler Wind Beneath My Wings 1989
75%
Kim Carnes Bette Davis Eyes 1981
75%
Beyonce If I Were A Boy 2008
63%
Natalie Imbruglia Torn 1997
63%
Fugees Killing Me Softly 1996
58%
Toni Basil Mickey 1981
58%
Rod Stewart The First Cut Is the Deepest 1977
54%
The Pussycat Dolls Don't Cha 2005
50%
Pet Shop Boys Go West 1993
46%
The Carpenters Please Mr. Postman 1974
46%
Heart Alone 1987
33%
Neil Diamond 1967
33%
Juice Newton Angel of the Morning 1981
29%
Village People 1979
29%
Jennifer Lopez Waiting For Tonight 1999
25%
Laura Brannigan Gloria 1982
25%
Yusuf Islam 1967
17%
Ace of Base Don't Turn Around 1994
13%
Mark James 1968
13%
The Marvelettes 1961
13%
Anita Carter 1963
8%
Racey 1979
8%
3rd Part 1997
4%
BC Jean 2008
4%
Bobby Chase 1965
4%
DJ QUADS Missing Someone 2017
4%
Ednaswap 1995
4%
Evie Sands 1967
4%
i-Ten 1983
4%
Jackie DeShannon 1974
4%
Lori Lieberman 1971
4%
Roger Whittaker 1982
4%
The Paragons 1967
4%
Tina Turner 1986
4%
Tori Alamanze 2004
4%
Umberto Tozzi 1979
4%
No matching quizzes found
Score Distribution
Percent of People with Each Score
Percentile by Number Answered
Your Score History
You have not taken this quiz